| 000 | 00544 a2200169 4500 | ||
|---|---|---|---|
| 020 | _a813171683X (paperback) | ||
| 020 | _a9788131716830 (paperback) | ||
| 090 |
_c6401 _d6401 |
||
| 245 | 0 | 0 |
_aMarketing management : _ba south asian perspective. |
| 250 | _a13th ed. | ||
| 260 |
_a[S.l.] : _bPearson Prentice Hall, |
||
| 300 | _a1 v. (unpaged) | ||
| 490 | 1 | _aInternational edition. | |
| 830 | 0 | _aInternational edition. | |
| 856 | 4 | 0 |
_3Amazon.com _uhttp://www.amazon.com/exec/obidos/ASIN/813171683X/chopaconline-20 |
| 942 |
_aNBS _cBK _k658.8 KOT |
||
| 999 |
_c348765 _d348765 |
||